|
|
|
|
| LEADER |
00000nam0a2200000 4500 |
| 001 |
46525 |
| 005 |
20231031024651.0 |
| 035 |
|
|
|a (RuTPU)RU\TPU\book\48571
|
| 090 |
|
|
|a 46525
|
| 100 |
|
|
|a 20030122d1973 km y0rusy50 ca
|
| 101 |
1 |
|
|a rus
|c rum
|
| 102 |
|
|
|a RU
|
| 105 |
|
|
|a a z 001zy
|
| 200 |
1 |
|
|a Шум электрических машин и трансформаторов
|e пер. с румынского
|f Д. Ф. Лазароиу, Н. Бикир
|g под ред. Н. В. Астахова; Пер. Ф. Н. Гельмана
|
| 210 |
|
|
|a Москва
|c Энергия
|d 1973
|
| 215 |
|
|
|a 271 с.
|c ил.
|
| 320 |
|
|
|a Библиогр.: с. 260-270.
|
| 610 |
1 |
|
|a электрические машины
|
| 610 |
1 |
|
|a шумы
|
| 610 |
1 |
|
|a вибрация
|
| 610 |
1 |
|
|a трансформаторы
|
| 610 |
1 |
|
|a борьба
|
| 675 |
|
|
|a 621.313-752
|v 3
|
| 675 |
|
|
|a 621.314.2-7
|v 3
|
| 700 |
|
1 |
|a Лазароиу
|b Д. Ф.
|
| 701 |
|
1 |
|a Бикир
|b Н.
|
| 702 |
|
1 |
|a Астахов
|b Н. В.
|4 340
|
| 702 |
|
1 |
|a Гельман
|b Ф. Н.
|4 730
|
| 801 |
|
1 |
|a RU
|b 63413507
|c 20030122
|g PSBO
|
| 801 |
|
2 |
|a RU
|b 63413507
|c 20150303
|g PSBO
|
| 900 |
|
|
|a Проектирование электрических машин
|
| 942 |
|
|
|c BK
|